00623 2200229 4500001002100000005001500021035002000036245007900056100001800135250000600153300003500159700001300194260004700207082001100254084001700265020002200282650002100304990001700325990001700342990001700359990001700376INLIS00000000000029520180926111224 a0010-09180001491 aSejarah Indonesia 1 :bZaman Prasejarah /cEko Praptanto; Editor, Fidelara0 aEko Praptanto a- avi, 94 hlm. :bilus. ;c25 cm.0 aFidelara aJakarta :bPT Bina Sumber Daya MIPA,c2010 a930.11 a930.11 EKO s a978-979-050-015-0 aZaman Prasejarah a01243/P/2018 a01244/P/2018 a01245/P/2018 a01246/P/2018